Antología de poesía chilena nueva: 1935

Guardat en:
Dades bibliogràfiques
Autors principals: Anguita, Eduardo (Autor), Teitelboim, Volodia (Autor)
Format: Llibre
Idioma:espanyol
Publicat: Santiago Lom 2001
Edició:2a. ed
Col·lecció:Colección Entre Mares
Matèries:
Etiquetes: Afegir etiqueta
Sense etiquetes, Sigues el primer a etiquetar aquest registre!

MARC

LEADER 00000nam a2200000 a 4500
001 UCN9631
003 CL-VaPUC
005 20240924105139.0
008 011221e20011000CL |||||||||||||||||spa|d
999 |c 298931  |d 298929 
040 |c Pontificia Universidad Católica de Valparaíso 
082 0 4 |a Ch861  |b ANG  |2 21 
100 0 |a Anguita, Eduardo  |e author  |9 310551 
245 1 0 |a Antología de poesía chilena nueva: 1935 
250 |a 2a. ed 
260 |a Santiago  |b Lom  |c 2001 
300 |a 341 p 
490 0 |a Colección Entre Mares 
583 |a last modification  |c 20011221 00:00:00  |k Rodrigo Vera 
600 0 7 |a CRUCHAGA SANTA MARIA, ANGEL  |2 CL-VaPUC  |9 352821 
600 0 7 |a Rokha, Pablo de,  |d 1894-1968  |9 879664 
600 0 7 |a VALLE, JUVENCIO  |2 CL-VaPUC  |9 360235 
600 0 7 |a VALLE, ROSAMEL DEL  |2 CL-VaPUC  |9 430303 
600 0 |a Neruda, Pablo,  |d 1904-1973  |e autor  |9 471955 
600 0 7 |a DIAZ CASANUEVA, HUMBERTO  |2 CL-VaPUC  |9 371547 
600 0 7 |a CACERES, OMAR  |2 CL-VaPUC  |9 466193 
600 0 |a García-Huidobro Fernández, Vicente,  |d 1893-1948  |9 858153 
650 0 |a Literatura chilena   |9 308278 
650 0 |a Poesías chilenas   |9 265280 
700 0 |a Teitelboim, Volodia  |e author  |9 406422 
852 |a BIBCUR 
942 |c BK  |2 ddc 
945 |d 20011221 00:00:00  |a vberengu 
952 |0 0  |1 0  |4 0  |6 CH_861_000000000000000_ANG_2001  |7 0  |8 A  |9 354975  |a BIBEDU  |b BIBEDU  |c ES_NOD  |d 2019-11-21  |i 3784991  |o Ch861 ANG 2001  |p 3784991  |r 2023-08-09  |w 2019-11-21  |y BK  |k LIT